Every Character Mentioned in Percy Jackson-The Sea of Monsters - Statistics

General Stats
  • This quiz has been taken 28 times
    8 since last reset
  • The average score is 32 of 77
Answer Stats
Times Mentioned Answer % Correct
420 Annabeth Chase
100%
17 Apollo
100%
3 Artemis
100%
15 Athena
100%
100 Chiron
100%
150 Clarisse La Rue
100%
2 Demeter
100%
31 Dionysus
100%
155 Grover Underwood
100%
16 Hephaestus
100%
58 Hermes
100%
9 Iris
100%
26 Kronos
100%
120 Luke Castellan
100%
157 Percy Jackson
100%
46 Poseidon
100%
1 Silena
100%
5 Aphrodite
80%
24 Ares
80%
5 Hades
80%
6 Pan
80%
77 Polyphemus
80%
311 Tyson
80%
16 Zeus
80%
18 Charles Beckendorf
60%
5 Connor Stoll
60%
1 Hecate
60%
2 Minotaur
60%
30 Thalia Grace
60%
4 Travis Stoll
60%
4 Blackbeard
40%
16 Charybdis
40%
60 Circe
40%
1 Heracles
40%
2 Hercules
40%
17 Hydra
40%
3 Hylla
40%
15 Rainbow
40%
11 Scylla
40%
12 Agrius
20%
1 Cerberus
20%
3 Chris Rodriguez
20%
22 George
20%
3 Jason
20%
20 Martha
20%
1 Medea
20%
3 Medusa
20%
2 Odysseus
20%
11 Oracle
20%
16 Oreius
20%
78 Tantalus
20%
1 Aeneas
0%
1 Amelia Earhart
0%
17 Anger
0%
2 Argus
0%
1 Atalanta
0%
1 Beltbuster
0%
3 Cadmus
0%
1 Calypso
0%
5 Coach Nunley
0%
4 Corey Bailer
0%
1 Einstein
0%
2 Europa
0%
1 Hasenfeffer
0%
9 Joe Bob
0%
1 Lockhart
0%
1 Marrow Sucker
0%
37 Matt Sloan
0%
5 Mr Bonsai
0%
1 Mr De Milo
0%
2 Mrs Tesla
0%
4 Raj Mandali
0%
3 Skull Eater
0%
1 Tammany
0%
10 Tempest
0%
13 Wasp
0%
3 Widget
0%
No matching quizzes found
Score Distribution
Percent of People with Each Score
Percentile by Number Answered
Your Score History
You have not taken this quiz since the last reset